000 00888nam a22002537a 4500
999 _c134418
_d134418
003 dpl
005 20181109161725.0
008 181109b ||||| |||| 00| 0 eng d
010 _aB-276990, B-284850
020 _c00.00
_a9781403144157
035 _aB-276990, B-284850
037 _bCen Lib/Ret
040 _aDPL
_bEN
_c0
082 _a299.936
_bHUB
100 _aHubbard, L. Ron
_940718
245 _aScientology 8-08 :
_cby L. Ron Hubbard
_bthe discovery and increase of life energy in the genus homo sapiens /
260 _aCalifornia
_bBridge Publications, Inc.
_c2007
270 _bCalifornia
_a4751 founttain avenue, lose angeles
_e90029
300 _a199p.
_c23cm(Hb)
500 _aIncludes appendix, glossary, bibliographical references and index
650 _aScientology
_940719
650 _aCosmology
_940720
942 _2ddc
_cEN
_h299.936
_mHUB